| 000 | 01087nam a2200265 i 4500 | ||
|---|---|---|---|
| 001 | 169484 | ||
| 003 | ES-MaACL | ||
| 005 | 20250822034303.0 | ||
| 008 | 080918s1862 sp |||| | spa d | ||
| 080 | _a1(073) | ||
| 100 | 1 |
_aSanz del Río, Julián, _d1814-1869 _9132463 |
|
| 245 | 1 | 0 |
_aProgramas de segunda enseñanza : _bpsicología, lógica y ética / _cpor Julián Sanz del Río. |
| 260 |
_aMadrid : _b[s.n.], _c1862 ( _fImp. de Manuel Galiano) |
||
| 300 |
_a29 [i.e. 47] p. ; _c21 cm. |
||
| 515 | _aError tip. de pag., en p. 47 consta 29. | ||
| 530 | _aDisponible en formato digital. | ||
| 594 | _aTít. tomado de principio del texto; autor tomado del Catálogo de la BNE. | ||
| 650 | 4 |
_aFilosofía- _vProgramas de estudio. _9174732 |
|
| 650 | 7 |
_aPsicología- _xCurrículo educativo _2 _9174733 |
|
| 852 | 4 |
_aES-MaACL _jT-73-F-11 |
|
| 852 | 4 |
_aES-MaACL _jT-83-F-3 |
|
| 852 | 4 |
_aES-MaACL _jT-85-F-12 _z- Falto de cub. original y port. |
|
| 856 | 4 |
_uhttp://bdh-rd.bne.es/viewer.vm?id=0000110002&page=1 _zBiblioteca Digital Hispánica |
|
| 999 |
_c169484 _d169484 |
||